| 000 | 00512nam a22001817a 4500 | ||
|---|---|---|---|
| 005 | 20240605083130.0 | ||
| 008 | 240605b |||||||| |||| 00| 0 eng d | ||
| 082 |
_222 _a346 _bTOK. |
||
| 100 | _aTokhtakhodjaeva, Marfua | ||
| 245 |
_aBetween the slogans of Communism and Laws Of Islam _cMarfua, Tokhtakhodjaeva |
||
| 250 | _a1 st | ||
| 260 |
_aPakistan _bShirkat Gah Women's Resource Centre _c1995 |
||
| 300 | _axii, 271 p ,. | ||
| 650 | _a Laws | ||
| 650 | _aWomen | ||
| 650 | _aSociety | ||
| 942 | _cL | ||
| 999 |
_c5881 _d5881 |
||